000 00383nam a2200145Ia 4500
008 230917s9999||||xx |||||||||||||| ||und||
040 _e75498
_aMAIN
041 _aEnglish
082 _a658.3 S81P
100 _aSchuler, Randalls
245 0 _aPersonnel and human resource management
260 _aSaint Paul
_bWest
_c558
300 _aThe west series in management p.
942 _cBK
999 _c35505
_d35505